[Event "Challenge"]
[Site "http://www.queenalice.com/game.php?id=216815"]
[Date "2007.5.26"]
[Round "-"]
[White "ambro"]
[Black "Fim"]
[Result "0-1"]
[WhiteElo "1189"]
[BlackElo "1147"]

1. e4 e5 2. Bc4 Nc6 3. Qf3 Nf6 4. Nc3 Nd4 5. Qd3 c6 6. Nf3 Nxf3+ 7. gxf3 d6 8.
f4 exf4 9. e5 Nd5 10. exd6 Nxc3 11. bxc3 Qxd6 12. Qf3 Qe5+ 13. Kd1 Qf5 14. d3
Bd6 15. Rg1 Qf6 16. Re1+ Be6 17. Bxe6 fxe6 18. Qh5+ g6 19. Qa5 O-O 20. c4 Qxa1
21. Rxe6 Qd4 22. Ba3 Bxa3 23. Qxa3 Qxf2 24. Re2 Qg1+ 25. Re1 Qxh2 26. d4 Rfe8
27. Re7 Qh5+ 28. Kc1 Qg5 29. Qd6 Rxe7 30. d5 f3+ 31. Kb1 Re1+ 32. Kb2 Qc1+ 33.
Kc3 Re3+ 34. Kb4 a5+ 35. Kc5 Qa3+ 36. Kd4 Qxd6 37. Kxe3 Rf8 38. dxc6 bxc6 39. c5
Qxc5+ 40. Kd3 f2 41. c4 f1=Q+ 0-1

[Event "Challenge"]
[Site "http://www.queenalice.com/game.php?id=217205"]
[Date "2007.5.27"]
[Round "-"]
[White "ambro"]
[Black "Icarvs"]
[Result "0-1"]
[WhiteElo "1209"]
[BlackElo "1423"]

1. e4 e5 2. Bc4 d6 3. Qf3 Nf6 4. Qf5 Bxf5 5. exf5 c6 6. Nf3 Nbd7 7. d4 e4 8. Ng5
d5 9. Bb3 Bd6 10. O-O Qc7 11. f3 Bxh2+ 12. Kh1 O-O 13. fxe4 Qg3 14. Bf4 Qh4 15.
Bd6 Bxd6+ 16. Nh3 Qg3 17. exd5 Ng4 18. dxc6 Qh2# 0-1

[Event "Challenge"]
[Site "http://www.queenalice.com/game.php?id=218452"]
[Date "2007.5.30"]
[Round "-"]
[White "ambro"]
[Black "Icarvs"]
[Result "0-1"]
[WhiteElo "1127"]
[BlackElo "1427"]

1. e4 e5 2. Bc4 d6 3. Qf3 Nf6 4. Nc3 Bg4 5. Qg3 Nbd7 6. h3 Be6 7. Nd5 Nxe4 8.
Qe3 Ndf6 9. f3 Nc5 10. g3 Nxd5 11. Bxd5 Bxd5 12. d3 Be7 13. f4 Bxh1 14. fxe5 O-O
15. exd6 Qxd6 16. d4 Ne6 17. c4 Nxd4 18. Qf4 Qxf4 19. gxf4 Nc2+ 20. Kd1 Nxa1 21.
Ne2 Bb4 22. a3 Rad8+ 23. Bd2 Bxd2 24. Ng3 Rfe8 25. Nxh1 Re1# 0-1

[Event "Challenge"]
[Site "http://www.queenalice.com/game.php?id=218542"]
[Date "2007.5.30"]
[Round "-"]
[White "ambro"]
[Black "ramones"]
[Result "0-1"]
[WhiteElo "1192"]
[BlackElo "971"]

1. e4 Nc6 2. d4 e6 3. d5 Bb4+ 4. c3 Bc5 5. dxe6 dxe6 6. Nd2 Nf6 7. Ndf3 Nxe4 8.
Bd3 Nxf2 9. Bg5 f6 10. Bh4 Nxd1 11. Kxd1 Qxd3+ 12. Nd2 e5 13. Nf3 O-O 14. b4 Rd8
15. bxc5 Bg4 16. Rb1 Qxd2# 0-1

[Event "Challenge"]
[Site "http://www.queenalice.com/game.php?id=219068"]
[Date "2007.5.31"]
[Round "-"]
[White "ambro"]
[Black "lcristante"]
[Result "0-1"]
[WhiteElo "1248"]
[BlackElo "1573"]

1. e4 e6 2. Nf3 d5 3. exd5 exd5 4. Ng5 Qxg5 5. Qe2+ Be7 6. Nc3 Nf6 7. Qb5+ Nbd7
8. d4 a6 9. Qb3 Qf5 10. Bd3 Ne4 11. Nxd5 Qxf2+ 12. Kd1 Qxd4 13. Nxc7+ Kf8 14.
Nxa8 Nf2+ 15. Ke1 Nc5 16. Qc3 Qxc3+ 17. bxc3 Ncxd3+ 18. Kd2 Bd8 19. Nb6 Bxb6 20.
Re1 Nxe1 21. Rb1 Ba5 22. Ba3+ Ke8 23. Rxe1+ Be6 24. Re2 Ng4 25. h3 Nf6 26. g4
Nd5 27. Re5 Nxc3 28. Rxa5 Nb5 29. Bb2 f6 30. a4 Nd6 31. Kc1 Nc4 32. Rc5 Kd7 33.
Bc3 Rc8 34. Rxc8 Kxc8 35. a5 Nd6 36. Bb4 Kc7 37. c3 Bd5 38. Kd2 Nc4+ 39. Kd3 Kc6
40. Kd4 g6 41. h4 h5 42. gxh5 gxh5 43. Be7 f5 44. Bg5 Nxa5 45. Ke5 Nc4+ 46. Kxf5
b5 47. Kg6 a5 48. Kxh5 Nd6 49. Kg6 Nf7 50. Bf6 a4 51. h5 Bc4 52. h6 Nxh6 53.
Kxh6 a3 0-1

[Event "62"]
[Site "http://www.queenalice.com/game.php?id=223642"]
[Date "2007.6.11"]
[Round "-"]
[White "ambro"]
[Black "seoulmama"]
[Result "0-1"]
[WhiteElo "1206"]
[BlackElo "1500"]

1. e4 c5 2. Bc4 e6 3. Nf3 d5 4. exd5 exd5 5. Qe2+ Be7 6. Bb5+ Nc6 7. Ne5 Qd6 8.
Qh5 Be6 9. O-O Nf6 10. Qg5 O-O 11. f4 Ng4 12. Qh5 g6 13. Qh3 Ngxe5 14. Qe3 Ng4
15. Qh3 c4 16. d3 Qc5+ 17. Kh1 Nf2+ 18. Rxf2 Bxh3 19. gxh3 Qxf2 20. Nc3 Qf1# 0-1

[Event "One game"]
[Site "http://www.queenalice.com/game.php?id=224804"]
[Date "2007.6.16"]
[Round "-"]
[White "palod"]
[Black "ambro"]
[Result "0-1"]
[WhiteElo "1193"]
[BlackElo "1237"]

1. d4 e6 2. e4 Bb4+ 3. c3 Ba5 4. b4 Bb6 5. Be3 Qf6 6. Nf3 d6 7. Qe2 Nh6 8. Bg5
Qg6 9. h3 f6 10. Bxh6 gxh6 11. e5 O-O 12. Nbd2 dxe5 13. O-O-O Bd7 14. Qe3 exd4
15. Nxd4 c5 16. Nxe6 Ba4 17. Nxf8 Qc2# 0-1

[Event "Let's Play Chess!"]
[Site "http://www.queenalice.com/game.php?id=225894"]
[Date "2007.6.16"]
[Round "-"]
[White "ambro"]
[Black "Pilgrimz"]
[Result "1-0"]
[WhiteElo "1171"]
[BlackElo "1500"]

1. e4 c5 2. Bc4 e6 3. Nf3 Nf6 4. d3 d5 5. Bb5+ Bd7 6. a4 Bxb5 7. axb5 dxe4 8.
Ne5 exd3 9. cxd3 Nbd7 10. Nxd7 Qxd7 11. Qb3 Be7 12. b6 a5 13. Nc3 Qxd3 14. Qb5+
Qxb5 15. Nxb5 Kd7 16. O-O Kc6 17. Nc7 Rad8 18. Bf4 Bd6 19. g3 Bxf4 20. gxf4 Kxb6
21. Rac1 Rd2 22. b4 axb4 23. f3 Rc8 24. f5 exf5 25. Rfe1 Rxc7 26. Re5 b3 27.
Rxf5 b2 28. Rb1 Rcd7 29. Rf1 Rd1 30. Rxd1 1-0

[Event "Challenge"]
[Site "http://www.queenalice.com/game.php?id=226215"]
[Date "2007.6.16"]
[Round "-"]
[White "ambro"]
[Black "commando"]
[Result "1-0"]
[WhiteElo "1200"]
[BlackElo "959"]

1. e4 Nf6 2. Bc4 e6 3. e5 d5 4. Bb5+ Bd7 5. Bd3 Nc6 6. exf6 Qxf6 7. Nf3 Bd6 8.
Nc3 d4 9. Ne4 Qf4 10. Nxd6+ cxd6 11. g3 Qg4 12. h3 Qh5 13. g4 Qd5 14. c4 Qc5 15.
b3 e5 16. Qe2 h5 17. gxh5 Rxh5 18. Rg1 Bxh3 19. Rxg7 Nb4 20. Rg8+ Ke7 21. Rxa8
Nxd3+ 22. Qxd3 Bg4 23. Rb8 Qb4 24. a3 Qb6 25. Rg8 Rh4 26. Nxh4 Bd7 27. Bb2 a5
28. b4 axb4 29. axb4 Qxb4 30. Raa8 Qxb2 31. Nf5+ Bxf5 32. Qxf5 Qc1+ 33. Ke2
Qxc4+ 34. d3 Qc2+ 35. Kf3 Qd1+ 36. Ke4 f6 37. Rge8+ Kf7 38. Qe6+ Kg6 39. Rg8+
Kh5 40. Rh8+ Kg6 41. Qg8# 1-0

[Event "Let's Play Chess!"]
[Site "http://www.queenalice.com/game.php?id=226216"]
[Date "2007.6.16"]
[Round "-"]
[White "ambro"]
[Black "Moondawg"]
[Result "0-1"]
[WhiteElo "1237"]
[BlackElo "1734"]

1. e4 e5 2. Bc4 Nf6 3. Nf3 h6 4. Nxe5 d5 5. Bb5+ c6 6. Ba4 Nxe4 7. O-O b5 8. Bb3
a5 9. Nxc6 Nxc6 10. d3 Nf6 11. Re1+ Be6 12. Bf4 a4 13. Bxd5 Qxd5 14. Nd2 Bd6 15.
Bg3 Bxg3 16. fxg3 Qd4+ 17. Kf1 Qxb2 18. Re2 O-O 19. Rb1 Qxa2 20. Rxb5 Nd4 21.
Rbe5 Nxe2 22. Rxe2 Rfe8 23. Re5 Bg4 24. Qe1 Qxc2 25. Rxe8+ Rxe8 26. Qf2 Qxd3+
27. Kg1 Re2 28. Qc5 Qxd2 0-1

[Event "Challenge"]
[Site "http://www.queenalice.com/game.php?id=226220"]
[Date "2007.6.16"]
[Round "-"]
[White "ambro"]
[Black "kfe"]
[Result "0-1"]
[WhiteElo "1221"]
[BlackElo "1504"]

1. e4 e5 2. Bc4 d6 3. Qh5 g6 4. Qf3 Nh6 5. d3 a6 6. Bxh6 f6 7. Bxf8 Rxf8 8. h4
f5 9. exf5 Rxf5 10. Qg4 Rxf2 11. Be6 Qf6 12. Bxc8 Rf1+ 13. Kd2 Qf2+ 14. Kc3 Kf8
15. Nh3 Qc5+ 16. Kd2 Rxh1 17. Qf3+ Kg7 18. Be6 Nc6 19. Qf7+ Kh6 20. h5 Kxh5 21.
Qf3+ Kh6 22. g4 Rh2+ 23. Ke1 Qxc2 24. Qe3+ Kg7 25. Qf3 Rf8 26. Nf4 Rxf4 27. Na3
Qd2+ 28. Kf1 Rxf3+ 29. Kg1 Qf2# 0-1

[Event "Challenge"]
[Site "http://www.queenalice.com/game.php?id=228303"]
[Date "2007.6.21"]
[Round "-"]
[White "ambro"]
[Black "lezeu63"]
[Result "0-1"]
[WhiteElo "1251"]
[BlackElo "1303"]

1. e4 e5 2. Bc4 c6 3. Qf3 Nf6 4. Qg3 d6 5. Nf3 Nxe4 6. Qh4 Nf6 7. Ng5 d5 8. Bb3
Be7 9. O-O Ne4 10. d3 Nxg5 11. c4 Nf3+ 12. gxf3 Bxh4 13. cxd5 Bh3 14. Re1 Qf6
15. Re3 Qg5+ 0-1

[Event "Challenge"]
[Site "http://www.queenalice.com/game.php?id=231230"]
[Date "2007.6.27"]
[Round "-"]
[White "ambro"]
[Black "Augustodombosco"]
[Result "0-1"]
[WhiteElo "1235"]
[BlackElo "1038"]

1. Nf3 d5 2. e3 Nf6 3. c4 Bg4 4. Qa4+ Nc6 5. Nd4 e6 6. Nxc6 bxc6 7. Qxc6+ Nd7 8.
cxd5 exd5 9. f3 Be6 10. Ba6 Bd6 11. Bb7 Rb8 12. Ba6 O-O 13. Nc3 Rb6 14. Qa4 Nc5
15. Qa5 Rxa6 16. Qb4 Nd3+ 0-1